| 000 | 00701nam a2200205 4500 | ||
|---|---|---|---|
| 001 | 135834 | ||
| 003 | ES-MaACL | ||
| 005 | 20230906194952.0 | ||
| 007 | t| | ||
| 008 | 070214s1965 sp r ||||1| spa d | ||
| 100 | 1 |
_aRousseau, Jean-Jacques. _9100055 |
|
| 245 | 1 | 3 |
_aEl contrato social y discurso sobre el origen de la desigualdad entre hombres / _cJean-Jacques Rousseau ; traducción de M. Valmuera de Castro. |
| 260 |
_aBarcelona : _bMateu, _c1965. |
||
| 300 |
_a303 p. ; _c19 cm. |
||
| 490 | 1 |
_aCol. todo para muchos ; _v144 |
|
| 700 | 1 |
_aValmuera de Castro, M. _9112976 |
|
| 830 | 0 |
_aCol. todo para muchos ; _v144 _9219958 |
|
| 852 |
_aES-MaACL _jC-28203 _bR.57133 |
||
| 999 |
_c135834 _d135834 |
||